The Largest Stadiums In The United States - Statistics

General Stats
  • This quiz has been taken 21 times
  • The average score is 35 of 75
Answer Stats
Capacity (State) Answer % Correct
80,000 (TX) AT&T Stadium
75%
107,601 (PA) Beaver Stadium
75%
107,601 (MI) Michigan Stadium
70%
101,915 (TN) Neyland Stadium
70%
102,780 (OH) Ohio Stadium
70%
92,542 (CA) Rose Bowl
70%
100,077 (AL) Bryant-Denny Stadium
65%
102,733 (TX) Kyle Field
65%
72,220 (TX) NRG Stadium
65%
102,321 (LA) Tiger Stadium
65%
88,548 (FL) Ben Hill Griffin Stadium
60%
75,822 (WI) Camp Randall Stadium
60%
100,119 (TX) Darrell K Royal-Texas Memorial Stadium
60%
76,125 (CO) Empower Field at Mile High
60%
81,441 (WI) Lambeau Field
60%
92,746 (GA) Sanford Stadium
60%
70,240 (CA) SoFi Stadium
60%
77,559 (SC) Williams-Brice Stadium
60%
61,000 (KY) Commonwealth Stadium
55%
76,212 (AR) Donald W. Reynolds Razorback Stadium
55%
62,000 (MD) FedEx Field
55%
65,000 (MI) Ford Field
55%
80,126 (OK) Gaylord Family Oklahoma Memorial Stadium
55%
64,767 (FL) Hard Rock Stadium
55%
88,043 (AL) Jordan-Hare Stadium
55%
63,000 (IN) Lucas Oil Stadium
55%
85,458 (NE) Memorial Stadium
55%
81,500 (SC) Memorial Stadium
55%
69,143 (TN) Nissan Stadium
55%
64,038 (MS) Vaught-Hemingway Stadium
55%
74,867 (NC) Bank of America Stadium
50%
73,208 (LA) Caesars Superdome
50%
67,431 (OH) Cleveland Browns Stadium
50%
61,337 (MS) Davis Wade Stadium
50%
79,560 (FL) Doak Campbell Stadium
50%
65,878 (MA) Gilette Stadium
50%
70,083 (WA) Husky Stadium
50%
77,500 (CA) Los Angeles Memorial Coliseum
50%
82,500 (NJ) MetLife Stadium
50%
65,515 (OH) Paycor Stadium
50%
75,005 (MI) Spartan Stadium
50%
68,400 (PA) Acrisure Stadium
45%
65,000 (NV) Allegiant Stadium
45%
76,416 (MO) GEHA Field at Arrowhead Stadium
45%
60,454 (TX) Jones AT&T Stadium
45%
69,218 (FL) Raymond James Stadium
45%
61,500 (IL) Soldier Field
45%
61,620 (MO) Faurot Field
40%
61,500 (IA) Jack Trice Stadium
40%
69,250 (IA) Kinnick Stadium
40%
65,632 (VA) Lane Stadium
40%
67,594 (PA) Lincoln Financial Field
40%
68,740 (WA) Lumen Field
40%
60,670 (IL) Memorial Stadium
40%
71,000 (GA) Mercedes-Benz Stadium
40%
65,000 (IN) Ross-Ade Stadium
40%
61,500 (VA) Scott Stadium
40%
63,400 (AZ) State Farm Stadium
40%
66,655 (MN) US Bank Stadium
40%
63,186 (CA) California Memorial Stadium
35%
92,100 (TX) Cotton Bowl
35%
68,500 (CA) Levi's Stadium
35%
67,814 (FL) TIAA Bank Field
35%
156,990 (TN) Bristol Motor Speedway
30%
71,608 (NY) Highmark Stadium
30%
70,745 (MD) M&T Bank Stadium
30%
60,800 (KY) Cardinal Stadium
25%
77,662 (IN) Notre Dame Stadium
25%
64,000 (TX) Alamodome
15%
60,219 (FL) Camping World Stadium
15%
63,470 (UT) LaVell Edwards Stadium
15%
60,492 (MS) Mississippi Veterans Memorial Stadium
10%
67,277 (MO) The Dome at America's Center
10%
61,446 (CT) Yale Bowl
10%
71,594 (AL) Legion Field
5%
No matching quizzes found
Score Distribution
Percent of People with Each Score
Percentile by Number Answered
Your Score History
You have not taken this quiz